Sustainable university library development / (Record no. 63531)

MARC details
000 -LEADER
fixed length control field 00498nam a22001457a 4500
005 - DATE AND TIME OF LATEST TRANSACTION
control field 20120227152010.0
020 ## - INTERNATIONAL STANDARD BOOK NUMBER
International Standard Book Number 8170002214
Terms of availability 250.00
035 ## - SYSTEM CONTROL NUMBER
System control number A-904925
037 ## - SOURCE OF ACQUISITION
Stock number DPL
Source of stock number/acquisition ENG
245 ## - TITLE STATEMENT
Title Sustainable university library development /
260 ## - PUBLICATION, DISTRIBUTION, ETC. (IMPRINT)
Place of publication, distribution, etc New Delhi
Name of publisher, distributor, etc Ess Ess Publications
300 ## - PHYSICAL DESCRIPTION
Extent x, 145p.
Dimensions 18 cms.
942 ## - ADDED ENTRY ELEMENTS (KOHA)
Source of classification or shelving scheme Dewey Decimal Classification
Item type English Books
Classification part 027.7
Call number suffix NAI
Holdings
Withdrawn status Lost status Not for loan Collection code Home library Current library Date acquired Cost, normal purchase price Full call number Barcode Cost, replacement price Koha item type
      Non-fiction Sarojini Nagar Sarojini Nagar 27/02/2012 250.00 027.7 NAI A-904925 250.00 English Books

© Delhi Public Library
Hit Counter
free hit counter